[Event "Makroregion KP-PO C17"]
[Site "Jastrzebia Gora"]
[Date "2013.??.??"]
[Round "1.1"]
[White "Zwara, Szymon"]
[Black "Sliwicki, Damian"]
[Result "1-0"]
[WhiteElo "1787"]
[BlackElo "2126"]
[Annotator "Zygmunt"]
[PlyCount "46"]
[EventDate "2013.??.??"]

1. e4 c5 2. Nc3 Nc6 3. f4 e6 4. Nf3 d5 5. Bb5 d4 6. Ne2 Nf6 7. Bxc6+ bxc6 8. d3
Be7 9. O-O O-O 10. Ng3 Qb6 11. b3 Re8 12. Ne5 Qc7 13. Nh5 g6 14. Nxf6+ Bxf6 15.
Ng4 Bg7 16. e5 Rb8 17. Qe1 Qe7 18. a4 Rd8 19. Ba3 Rd5 20. Nf2 g5 21. g3 gxf4
22. gxf4 f6 23. exf6 Bxf6 (23... Qxf6 24. Ne4 Qf5 25. Kh1 Bb7 26. Qh4 Qf7 27.
Rg1 Kh8 28. Rae1 Re8 29. Ng5 Qf5 30. Qh5 Re7 31. Qg4 Qxg4 32. Rxg4 Bc8 33. Rg2
Rf5 34. Rge2 h6 35. Nxe6 Kh7 36. Ng5+ hxg5 37. Rxe7 Rxf4 38. Rg1 Kh6 39. Bc1
Rf5 40. Bxg5+ Rxg5 41. Rxg5 Bf6 42. Rge5 Bg4 43. R7e6 Kg7 44. Re1 Kf7 45. Rd6
Bh4 46. Rf1+ Ke7 47. Rxc6 Be2 48. Rf4 Kd7 49. Rh6 Bg5 50. Rf7+ Ke8 51. Re6+
Kxf7 52. Rxe2) 1-0

[Event "Makroregion KP-PO C17"]
[Site "Jastrzebia Gora"]
[Date "2013.??.??"]
[Round "1.2"]
[White "Mikolajczak, Wojciech"]
[Black "Kowalski, Roman"]
[Result "1-0"]
[WhiteElo "1742"]
[BlackElo "1558"]
[PlyCount "91"]
[EventDate "2013.??.??"]

1. c4 b6 2. Nc3 Bb7 3. Nf3 g6 4. g3 Bg7 5. Bg2 Nf6 6. O-O O-O 7. d3 c5 8. Bf4
d6 9. Qd2 Qc7 10. Nb5 Qd7 11. Bh6 Bc6 12. Bxg7 Kxg7 13. Nc3 b5 14. b3 b4 15.
Nd1 a5 16. Ne3 a4 17. d4 Rd8 18. dxc5 dxc5 19. Qxd7 Rxd7 20. Ne5 Bxg2 21. Kxg2
Rd2 22. Rfd1 Rxd1 23. Rxd1 axb3 24. axb3 Ra2 25. Kf3 Na6 26. Nd5 Nxd5 27. Rxd5
Rb2 28. Rd3 Nc7 29. e3 Ne6 30. h4 h5 31. Nd7 g5 32. Rd5 g4+ 33. Ke4 Kg6 34.
Nxc5 Nxc5+ 35. Rxc5 Rxb3 36. Kd4 Rb2 37. Rb5 Rd2+ 38. Ke4 Rxf2 39. Rxb4 Rf3 40.
c5 f5+ 41. Kd3 Rf1 42. c6 Rd1+ 43. Kc4 Kf6 44. Kc5 Ke6 45. Kb6 Rc1 46. Kb7 1-0

[Event "Makroregion KP-PO C17"]
[Site "Jastrzebia Gora"]
[Date "2013.??.??"]
[Round "1.3"]
[White "Maciejewski, Mikolaj"]
[Black "Klingenberg, Lukasz"]
[Result "1-0"]
[WhiteElo "1744"]
[BlackElo "1148"]
[PlyCount "67"]
[EventDate "2013.??.??"]

1. e4 e5 2. Nf3 Nc6 3. Bb5 Nf6 4. O-O Bc5 5. d3 Qe7 6. c3 O-O 7. Nbd2 a6 8. Ba4
b5 9. Bb3 d6 10. h3 Be6 11. Re1 Qd7 12. Ng5 Bxb3 13. axb3 h6 14. Ngf3 Ne7 15.
Nf1 c6 16. Ng3 Qa7 17. Rf1 Rfd8 18. Nh4 d5 19. Qf3 Nh7 20. Ngf5 Ng6 21. Qg3
Nhf8 22. b4 Be7 23. Nxe7+ Qxe7 24. Nf5 Qf6 25. f4 Kh8 26. fxe5 Qxe5 27. Qg4 Rd7
28. Be3 Ne6 29. Bd4 Nxd4 30. Nxd4 Qc7 31. Rf5 Ne5 32. Rxe5 f5 33. Rxf5 Qh2+ 34.
Kxh2 1-0

[Event "Makroregion KP-PO C17"]
[Site "Jastrzebia Gora"]
[Date "2013.??.??"]
[Round "1.4"]
[White "Zebracki, Tomasz"]
[Black "Kroczka, Gromoslaw"]
[Result "1/2-1/2"]
[WhiteElo "2029"]
[BlackElo "1767"]
[PlyCount "110"]
[EventDate "2013.??.??"]

1. e4 c5 2. Nf3 Nc6 3. d4 cxd4 4. Nxd4 Nf6 5. Nc3 e5 6. Ndb5 d6 7. Bg5 a6 8.
Na3 b5 9. Nd5 Be7 10. Bxf6 Bxf6 11. c3 O-O 12. Nc2 Bg5 13. h4 Bh6 14. g4 Bf4
15. Qf3 Be6 16. Nxf4 Qf6 17. g5 Qxf4 18. Qxf4 exf4 19. Nd4 Ne5 20. O-O-O Rfd8
21. Bh3 Bxh3 22. Rxh3 d5 23. exd5 Rxd5 24. Ne2 Rxd1+ 25. Kxd1 Rd8+ 26. Kc2 Nc4
27. Nd4 Ne5 28. Ne2 Nc4 29. Rd3 Rxd3 30. Kxd3 f3 31. Nd4 Nxb2+ 32. Kc2 Nc4 33.
Nxf3 f6 34. gxf6 gxf6 35. Kb3 Kf7 36. a4 Nd6 37. a5 Kg6 38. Kb4 Nb7 39. Nd4 Kh5
40. Nxb5 Kxh4 41. Nc7 Kg4 42. Nxa6 h5 43. Nc5 Nxa5 44. Kxa5 h4 45. Ne4 h3 46.
c4 h2 47. Ng3 Kf3 48. c5 Kxf2 49. Nh1+ Kg1 50. c6 Kxh1 51. c7 Kg1 52. c8=Q h1=Q
53. Qc1+ Kh2 54. Qf4+ Kg1 55. Qxf6 Qh5+ 1/2-1/2

[Event "Makroregion KP-PO C17"]
[Site "Jastrzebia Gora"]
[Date "2013.??.??"]
[Round "2.1"]
[White "Sliwicki, Damian"]
[Black "Kroczka, Gromoslaw"]
[Result "1-0"]
[WhiteElo "2126"]
[BlackElo "1767"]
[PlyCount "67"]
[EventDate "2013.??.??"]

1. c4 e5 2. Nc3 Nf6 3. Nf3 Nc6 4. g3 d5 5. cxd5 Nxd5 6. Bg2 Nb6 7. O-O Be7 8.
d3 O-O 9. a3 Re8 10. b4 a5 11. b5 Nd4 12. Nd2 c6 13. bxc6 Nxc6 14. Rb1 Be6 15.
Na4 Nxa4 16. Qxa4 Nd4 17. Re1 b5 18. Qd1 Rc8 19. Rf1 Qd7 20. Bb2 Bd5 21. Bxd5
Qxd5 22. Bxd4 exd4 23. a4 Bb4 24. axb5 Qxb5 25. Ne4 Rc6 26. Qb3 Qh5 27. e3 Kf8
28. h4 h6 29. exd4 Rg6 30. Kh2 Be7 31. Qb5 f5 32. Rbe1 Bxh4 33. Qxe8+ Kxe8 34.
Nf6+ 1-0

[Event "Makroregion KP-PO C17"]
[Site "Jastrzebia Gora"]
[Date "2013.??.??"]
[Round "2.2"]
[White "Klingenberg, Lukasz"]
[Black "Zebracki, Tomasz"]
[Result "0-1"]
[WhiteElo "1148"]
[BlackElo "2029"]
[PlyCount "54"]
[EventDate "2013.??.??"]

1. e4 e6 2. d4 d5 3. exd5 exd5 4. Bd3 Nc6 5. Nf3 Bd6 6. Nc3 Nge7 7. Be3 Bg4 8.
Be2 Qd7 9. Ng5 Bf5 10. Bd3 f6 11. Nf3 Bg4 12. h3 Bh5 13. g4 Bg6 14. Nh4 Bxd3
15. Qxd3 O-O-O 16. O-O-O g5 17. Ng2 h5 18. f3 a6 19. a3 Na5 20. Nb1 Nc4 21. Nd2
Qb5 22. Nxc4 dxc4 23. Qc3 Nd5 24. Qe1 Bxa3 25. Kd2 Bb4+ 26. c3 Bxc3+ 27. bxc3
Qb2# 0-1

[Event "Makroregion KP-PO C17"]
[Site "Jastrzebia Gora"]
[Date "2013.??.??"]
[Round "2.3"]
[White "Kowalski, Roman"]
[Black "Maciejewski, Mikolaj"]
[Result "1/2-1/2"]
[WhiteElo "1558"]
[BlackElo "1744"]
[PlyCount "59"]
[EventDate "2013.??.??"]

1. e4 c5 2. g3 Nc6 3. Bg2 e6 4. Ne2 Nf6 5. d3 d5 6. O-O Be7 7. Nf4 O-O 8. Nh5
Nxh5 9. Qxh5 Nd4 10. Qd1 dxe4 11. c3 Nc6 12. Bxe4 e5 13. f4 f5 14. Bxc6 bxc6
15. fxe5 Qd5 16. Qb3 c4 17. Qxc4 Bc5+ 18. Rf2 Qxc4 19. dxc4 Bxf2+ 20. Kxf2 Rd8
21. Nd2 Be6 22. b3 Rd3 23. Nf3 Rxc3 24. Nd4 Rd8 25. Bb2 Rc2+ 26. Nxc2 Rd2+ 27.
Kf3 Rxc2 28. Bd4 a6 29. h4 Rd2 30. Be3 1/2-1/2

[Event "Makroregion KP-PO C17"]
[Site "Jastrzebia Gora"]
[Date "2013.??.??"]
[Round "2.4"]
[White "Zwara, Szymon"]
[Black "Mikolajczak, Wojciech"]
[Result "1-0"]
[WhiteElo "1787"]
[BlackElo "1742"]
[PlyCount "60"]
[EventDate "2013.??.??"]

1. e4 c5 2. Nc3 Nc6 3. f4 g6 4. Nf3 Bg7 5. Bb5 Nd4 6. O-O a6 7. Bd3 d6 8. Nxd4
Bxd4+ 9. Kh1 Bg7 10. a4 Nf6 11. Qe1 Qc7 12. Bc4 e6 13. d3 O-O 14. Qh4 Qd8 15.
f5 exf5 16. Bg5 Be6 17. exf5 gxf5 18. Rf3 d5 19. Nxd5 Bxd5 20. Bxd5 Qxd5 21.
Bxf6 Bxf6 22. Qxf6 Rfe8 23. Rxf5 Qe6 24. Rg5+ Kf8 25. Qg7+ Ke7 26. Re5 Kd6 27.
Rxe6+ Rxe6 28. Qg3+ Kc6 29. Re1 Rae8 30. Rxe6+ Rxe6 1-0

[Event "Makroregion KP-PO C17"]
[Site "Jastrzebia Gora"]
[Date "2013.??.??"]
[Round "3.1"]
[White "Mikolajczak, Wojciech"]
[Black "Sliwicki, Damian"]
[Result "0-1"]
[WhiteElo "1742"]
[BlackElo "2126"]
[PlyCount "110"]
[EventDate "2013.??.??"]

1. c4 c5 2. Nc3 g6 3. g3 Bg7 4. Bg2 Nc6 5. d3 d6 6. Bf4 e5 7. Bd2 Nge7 8. Qc1
Be6 9. Bh6 Bxh6 10. Qxh6 Qb6 11. Rb1 O-O-O 12. Qd2 a6 13. Na4 Qb4 14. Qxb4 Nxb4
15. a3 Nbc6 16. b4 cxb4 17. axb4 b5 18. cxb5 axb5 19. Nc3 Kd7 20. Nf3 f6 21.
Nxb5 Rb8 22. Nc3 Nxb4 23. O-O d5 24. Rfc1 Rhc8 25. Nd2 Kd6 26. Na4 Rxc1+ 27.
Rxc1 Nec6 28. f4 Ra8 29. Nc3 Nd4 30. Rb1 Nbc2 31. Kf2 Rc8 32. Nb5+ Nxb5 33.
Rxb5 Rc6 34. Rb2 Nd4 35. Nf3 Nf5 36. Nd2 Ra6 37. e4 Nd4 38. Nf3 Nc6 39. fxe5+
fxe5 40. Ng5 d4 41. Nxh7 Ra3 42. Bf1 Kc5 43. Rc2+ Rc3 44. Rd2 Nb4 45. Nf8 Bf7
46. h4 Nc2 47. g4 Ne3 48. Bh3 Nc4 49. Ra2 Rxd3 50. Bf1 Rd1 51. Ra7 Nd6 52. Nd7+
Kb4 53. Ke2 Bb3 54. Nxe5 Nb5 55. Nd3+ Kc3 0-1

[Event "Makroregion KP-PO C17"]
[Site "Jastrzebia Gora"]
[Date "2013.??.??"]
[Round "3.3"]
[White "Zebracki, Tomasz"]
[Black "Kowalski, Roman"]
[Result "1-0"]
[WhiteElo "2029"]
[BlackElo "1558"]
[PlyCount "49"]
[EventDate "2013.??.??"]

1. d4 b6 2. e4 Bb7 3. Nc3 e6 4. Bd3 Bb4 5. Nge2 Ne7 6. O-O Ng6 7. f4 Bxc3 8.
Nxc3 d5 9. f5 dxe4 10. Bb5+ c6 11. fxg6 cxb5 12. gxf7+ Kf8 13. Nxb5 a6 14. Nc3
Nd7 15. d5 exd5 16. Nxd5 Bxd5 17. Qxd5 Nf6 18. Qb3 Qc7 19. Bg5 Ng4 20. Qa3+
Qc5+ 21. Qxc5+ bxc5 22. Rae1 h6 23. Bh4 g5 24. Bg3 Rd8 25. Rxe4 1-0

[Event "Makroregion KP-PO C17"]
[Site "Jastrzebia Gora"]
[Date "2013.??.??"]
[Round "3.4"]
[White "Kroczka, Gromoslaw"]
[Black "Klingenberg, Lukasz"]
[Result "1-0"]
[WhiteElo "1767"]
[BlackElo "1148"]
[PlyCount "79"]
[EventDate "2013.??.??"]

1. e4 e5 2. Nf3 Nc6 3. Bc4 Bc5 4. c3 Nf6 5. d3 d5 6. exd5 Nxd5 7. Qb3 Nce7 8.
Qb5+ Bd7 9. Qxc5 Nb6 10. Nxe5 Nxc4 11. Nxc4 Bc6 12. O-O O-O 13. Bg5 f6 14. Bf4
Ng6 15. Bg3 Qxd3 16. Qd4 Qc2 17. Nba3 Qf5 18. Ne3 Qe6 19. Qc4 Qxc4 20. Naxc4
Bb5 21. Rfd1 c6 22. Nd6 Be2 23. Rd2 Ba6 24. Rad1 Rad8 25. c4 b6 26. b4 Rd7 27.
b5 Bb7 28. Nxb7 Rxb7 29. bxc6 Rc7 30. Bxc7 Rc8 31. Rd8+ Rxd8 32. Bxd8 Ne5 33.
c7 Kf7 34. c8=Q Kg6 35. Qf5+ Kf7 36. f4 Nc6 37. Rd7+ Ne7 38. Rxe7+ Kg8 39. Qe6+
Kh8 40. Re8# 1-0

[Event "Makroregion KP-PO C17"]
[Site "Jastrzebia Gora"]
[Date "2013.??.??"]
[Round "4.1"]
[White "Sliwicki, Damian"]
[Black "Klingenberg, Lukasz"]
[Result "1-0"]
[WhiteElo "2126"]
[BlackElo "1148"]
[PlyCount "35"]
[EventDate "2013.??.??"]

1. e4 e5 2. Nf3 Nc6 3. Bc4 Bc5 4. O-O Nf6 5. d4 exd4 6. e5 Ng4 7. Bxf7+ Kxf7 8.
Ng5+ Kf8 9. Qxg4 Nxe5 10. Qf5+ Qf6 11. Nxh7+ Rxh7 12. Qxh7 d6 13. Qh8+ Ke7 14.
Nd2 Bf5 15. Qxa8 Ng4 16. Nf3 Qe6 17. Re1 d3 18. Rxe6+ 1-0

[Event "Makroregion KP-PO C17"]
[Site "Jastrzebia Gora"]
[Date "2013.??.??"]
[Round "4.2"]
[White "Kowalski, Roman"]
[Black "Kroczka, Gromoslaw"]
[Result "1/2-1/2"]
[WhiteElo "1558"]
[BlackElo "1767"]
[PlyCount "110"]
[EventDate "2013.??.??"]

1. g3 g6 2. Bg2 Bg7 3. d4 c5 4. e3 Nf6 5. Ne2 O-O 6. O-O d5 7. Nd2 cxd4 8. exd4
Nc6 9. Nf3 Ne4 10. Ng5 Bf5 11. c3 Rc8 12. Re1 Qb6 13. Nxe4 Bxe4 14. Bxe4 dxe4
15. Nf4 f5 16. Nd5 Qb5 17. Qb3 Qxb3 18. axb3 e5 19. dxe5 Rcd8 20. Nf6+ Kh8 21.
Bf4 Rd3 22. Red1 Rfd8 23. Rxd3 Rxd3 24. b4 a6 25. b5 axb5 26. Ra8+ Rd8 27.
Rxd8+ Nxd8 28. Ne8 Ne6 29. Nd6 g5 30. Be3 Kg8 31. Bd4 f4 32. Nxe4 b4 33. Kg2
bxc3 34. Bxc3 Kf8 35. Kf3 fxg3 36. hxg3 h5 37. Nd6 Nc5 38. Ne4 Nd3 39. Nxg5 Ke7
40. Nh3 Bxe5 41. Ke4 Bxc3 42. bxc3 Nb2 43. Kd4 Kf6 44. f4 b5 45. Nf2 Na4 46.
Nd1 Kf5 47. Ne3+ Kf6 48. c4 bxc4 49. Nxc4 Ke6 50. Ke4 Nc3+ 51. Kf3 Nd5 52. Ne3
Nf6 53. Kg2 Ne4 54. Kh3 Kf6 55. Kh4 Kg6 1/2-1/2

[Event "Makroregion KP-PO C17"]
[Site "Jastrzebia Gora"]
[Date "2013.??.??"]
[Round "4.3"]
[White "Zwara, Szymon"]
[Black "Zebracki, Tomasz"]
[Result "0-1"]
[WhiteElo "1787"]
[BlackElo "2029"]
[PlyCount "94"]
[EventDate "2013.??.??"]

1. e4 e6 2. d4 d5 3. e5 c5 4. c3 Nc6 5. Nf3 Qb6 6. a3 c4 7. Nbd2 Na5 8. Be2 Bd7
9. O-O Ne7 10. Rb1 f6 11. Re1 O-O-O 12. b4 cxb3 13. Nxb3 Ba4 14. Nfd2 fxe5 15.
dxe5 Kb8 16. Qc2 Nec6 17. Qb2 Bxb3 18. Nxb3 Nc4 19. Qa2 Qc7 20. Nd4 Nxd4 21.
cxd4 Be7 22. Bf4 Rhf8 23. Bg3 Nxa3 24. Rb3 Nc4 25. Ra1 b6 26. Rc1 Bg5 27. Ra1
Bf4 28. Rc3 Bxg3 29. hxg3 Rc8 30. Bxc4 dxc4 31. Rxc4 Qd7 32. Ra4 Rc7 33. Rb4
Rc6 34. Ra4 Rf7 35. Rc4 Rxc4 36. Qxc4 Rf8 37. Qa2 a5 38. Qb2 Ka7 39. Rb1 Rb8
40. Qd2 Rd8 41. Rd1 Qd5 42. Qc2 Rd7 43. Qxh7 Qb3 44. Rc1 a4 45. Qe4 Rd5 46. Qg4
Ka6 47. Qxe6 Rc5 0-1

[Event "Makroregion KP-PO C17"]
[Site "Jastrzebia Gora"]
[Date "2013.??.??"]
[Round "4.4"]
[White "Mikolajczak, Wojciech"]
[Black "Maciejewski, Mikolaj"]
[Result "1/2-1/2"]
[WhiteElo "1742"]
[BlackElo "1744"]
[PlyCount "36"]
[EventDate "2013.??.??"]

1. e4 d6 2. d4 e5 3. dxe5 dxe5 4. Qxd8+ Kxd8 5. Bc4 Be6 6. Bxe6 fxe6 7. Nf3 Nc6
8. Be3 Nf6 9. Nbd2 Bd6 10. O-O-O Ke7 11. c3 h6 12. Ne1 Rhd8 13. f3 Rd7 14. Nc2
Rad8 15. Nc4 b6 16. Nxd6 Rxd6 17. Rxd6 Rxd6 18. Rd1 Rxd1+ 1/2-1/2

[Event "Makroregion KP-PO C17"]
[Site "Jastrzebia Gora"]
[Date "2013.??.??"]
[Round "5.1"]
[White "Maciejewski, Mikolaj"]
[Black "Sliwicki, Damian"]
[Result "0-1"]
[WhiteElo "1744"]
[BlackElo "2126"]
[PlyCount "41"]
[EventDate "2013.??.??"]

1. e4 Nf6 2. e5 Nd5 3. d4 d6 4. c4 Nb6 5. Nc3 dxe5 6. dxe5 Qxd1+ 7. Nxd1 Nc6 8.
Bf4 Bf5 9. Ne3 Bg6 10. Nf3 e6 11. a3 O-O-O 12. Rd1 Be7 13. Be2 Na4 14. Rxd8+
Rxd8 15. Nd1 Nc5 16. O-O Nd3 17. Bg3 Nc1 18. Nc3 Nxe2+ 19. Nxe2 Bd3 20. Re1
Bxc4 21. Nc3 {(...34)} 0-1

[Event "Makroregion KP-PO C17"]
[Site "Jastrzebia Gora"]
[Date "2013.??.??"]
[Round "5.2"]
[White "Zebracki, Tomasz"]
[Black "Mikolajczak, Wojciech"]
[Result "1-0"]
[WhiteElo "2029"]
[BlackElo "1742"]
[PlyCount "60"]
[EventDate "2013.??.??"]

1. e4 c5 2. Nf3 Nc6 3. d4 cxd4 4. Nxd4 Qb6 5. Nb3 Nf6 6. Nc3 a6 7. Be3 Qc7 8.
g4 e6 9. g5 Ng8 10. Qd2 Na5 11. Bf4 Nxb3 12. axb3 Qc6 13. O-O-O b5 14. Bg2 Bb7
15. e5 Qc7 16. Bxb7 Qxb7 17. Ne4 Qc6 18. h4 a5 19. Kb1 Ra7 20. Qd3 Rc7 21. Nd6+
Ke7 22. c3 Qc5 23. Qe4 Qc6 24. Qe2 b4 25. cxb4 axb4 26. Rc1 Qd5 27. Rxc7 Qxh1+
28. Bc1 Qd5 29. Rc8 Qxd6 30. exd6+ Kxd6 1-0

[Event "Makroregion KP-PO C17"]
[Site "Jastrzebia Gora"]
[Date "2013.??.??"]
[Round "5.3"]
[White "Kroczka, Gromoslaw"]
[Black "Zwara, Szymon"]
[Result "1-0"]
[WhiteElo "1767"]
[BlackElo "1787"]
[PlyCount "87"]
[EventDate "2013.??.??"]

1. e4 e5 2. Nf3 Nc6 3. Bc4 Nf6 4. d3 Bc5 5. c3 a6 6. O-O d6 7. Bb3 Ba7 8. Nbd2
h6 9. h3 g5 10. Nc4 g4 11. hxg4 Bxg4 12. Be3 Rg8 13. Bxa7 Nxa7 14. Ne3 Qd7 15.
Nxg4 Qxg4 16. Ne1 Qh4 17. Qf3 O-O-O 18. Bxf7 Rg7 19. Qf5+ Kb8 20. Nf3 Qg4 21.
Qxg4 Nxg4 22. Bb3 Nc6 23. Nh2 Ne7 24. Nxg4 Rxg4 25. f3 Rg5 26. Kf2 Ng6 27. g3
Rf8 28. Rh1 h5 29. Rag1 Ne7 30. Ke3 Ng6 31. d4 c5 32. dxc5 dxc5 33. Kf2 b5 34.
Bd5 Ne7 35. Rd1 Rf6 36. Rh3 Ng6 37. Ke3 h4 38. gxh4 Rg2 39. Rd2 Rg1 40. h5 Nf4
41. Rhh2 Rg5 42. h6 Nxd5+ 43. Rxd5 Rg3 44. h7 1-0

[Event "Makroregion KP-PO C17"]
[Site "Jastrzebia Gora"]
[Date "2013.??.??"]
[Round "5.4"]
[White "Klingenberg, Lukasz"]
[Black "Kowalski, Roman"]
[Result "1-0"]
[WhiteElo "1148"]
[BlackElo "1558"]
[PlyCount "53"]
[EventDate "2013.??.??"]

1. e4 e5 2. Nf3 Nf6 3. Nc3 Nc6 4. Bb5 Bc5 5. d3 O-O 6. Be3 Bxe3 7. fxe3 d6 8.
O-O Ne7 9. Ne2 c6 10. Ba4 a5 11. Bb3 a4 12. Bc4 b5 13. Bxf7+ Rxf7 14. Ng5 Rf8
15. Ng3 Bg4 16. Qe1 Ng6 17. Nf5 Qd7 18. h3 Bxf5 19. exf5 Ne7 20. Ne6 Rf7 21.
Qh4 Nxf5 22. Rxf5 Qxe6 23. Raf1 Raf8 24. g4 Nd5 25. Rxf7 Nf6 26. Rxf8+ Kxf8 27.
g5 1-0

[Event "Makroregion KP-PO C17"]
[Site "Jastrzebia Gora"]
[Date "2013.??.??"]
[Round "6.1"]
[White "Sliwicki, Damian"]
[Black "Kowalski, Roman"]
[Result "1-0"]
[WhiteElo "2126"]
[BlackElo "1558"]
[PlyCount "103"]
[EventDate "2013.??.??"]

1. Nc3 g6 2. e4 e5 3. Bc4 Bg7 4. Nf3 d6 5. d3 Nf6 6. Bg5 O-O 7. Qd2 Be6 8. O-O
Bxc4 9. dxc4 Qd7 10. Rad1 Kh8 11. Rfe1 Qc6 12. b3 Nbd7 13. Nd5 Nxd5 14. cxd5
Qa6 15. Be3 f5 16. exf5 Rxf5 17. Ng5 Nf8 18. Ne4 Nd7 19. f3 Re8 20. c4 b6 21.
Re2 Nc5 22. Bxc5 bxc5 23. Qe1 Ref8 24. Qh4 Bf6 25. Qg4 Qc8 26. g3 Kg7 27. Rf2
Be7 28. Re1 Qa8 29. Nc3 h5 30. Qe4 h4 31. f4 hxg3 32. hxg3 Qc8 33. Ref1 Bf6 34.
Ne2 exf4 35. Nxf4 Bd4 36. Ne6+ Kg8 37. Nxd4 cxd4 38. Qxd4 Rxf2 39. Rxf2 Rxf2
40. Qxf2 a6 41. Qf4 Kh7 42. Kf2 Qd7 43. Kf3 a5 44. Qf6 Qf5+ 45. Qxf5 gxf5 46.
Kf4 Kg6 47. a3 Kf6 48. b4 axb4 49. axb4 Kg6 50. c5 dxc5 51. bxc5 Kf6 52. c6 1-0

[Event "Makroregion KP-PO C17"]
[Site "Jastrzebia Gora"]
[Date "2013.??.??"]
[Round "6.2"]
[White "Zwara, Szymon"]
[Black "Klingenberg, Lukasz"]
[Result "1-0"]
[WhiteElo "1787"]
[BlackElo "1148"]
[PlyCount "111"]
[EventDate "2013.??.??"]

1. e4 e6 2. d4 d5 3. Nd2 Nc6 4. Ngf3 dxe4 5. Nxe4 Nf6 6. Nxf6+ Qxf6 7. Bg5 Qf5
8. c3 Be7 9. Bd3 Qd5 10. Bxe7 Nxe7 11. O-O O-O 12. Ne5 f6 13. Nf3 Nc6 14. Re1
Bd7 15. Qc2 h6 16. Rad1 Kh8 17. a3 Be8 18. Re3 Bf7 19. Rde1 Rfe8 20. Qe2 Qd7
21. Nh4 Kg8 22. f4 Rad8 23. Rg3 Re7 24. Qg4 Be8 25. Ng6 f5 26. Nxe7+ Qxe7 27.
Qe2 Bf7 28. Bxf5 Re8 29. Re3 Qd6 30. Bxe6 Bxe6 31. Rxe6 Rxe6 32. Qxe6+ Qxe6 33.
Rxe6 Kf7 34. Rxc6 bxc6 35. Kf2 Kf6 36. Kf3 Kf5 37. g4+ Kf6 38. h4 Ke6 39. Ke4
g6 40. f5+ gxf5+ 41. gxf5+ Kf7 42. Ke5 Ke7 43. f6+ Kf7 44. Kf5 Ke8 45. Kg6 Kf8
46. h5 c5 47. b3 c6 48. b4 a6 49. bxc5 a5 50. c4 a4 51. f7 Ke7 52. Kg7 Ke6 53.
f8=Q Kd7 54. d5 Kc7 55. dxc6 Kxc6 56. Qc8# 1-0

[Event "Makroregion KP-PO C17"]
[Site "Jastrzebia Gora"]
[Date "2013.??.??"]
[Round "6.3"]
[White "Mikolajczak, Wojciech"]
[Black "Kroczka, Gromoslaw"]
[Result "1/2-1/2"]
[WhiteElo "1742"]
[BlackElo "1767"]
[PlyCount "101"]
[EventDate "2013.??.??"]

1. c4 e5 2. Nc3 Nf6 3. Nf3 Nc6 4. g3 d5 5. cxd5 Nxd5 6. Qb3 Nb6 7. Bg2 Be7 8.
d3 O-O 9. O-O Re8 10. Bd2 Bg4 11. Rfe1 Bxf3 12. exf3 Qxd3 13. Rad1 Nd4 14. Be3
Qxe3 15. fxe3 Nxb3 16. axb3 c6 17. Na4 Nd5 18. f4 Rad8 19. Bxd5 cxd5 20. Nc3
Bb4 21. Re2 exf4 22. gxf4 Bxc3 23. bxc3 Rc8 24. Rd3 f6 25. Ra2 a6 26. Ra5 Red8
27. Kf2 Kf8 28. Ke2 Ke7 29. f5 Rc6 30. Kd2 b5 31. Ra1 g5 32. fxg6 hxg6 33. Rg1
f5 34. Rd4 Re6 35. Rh4 Kf6 36. Rh7 Rde8 37. Rg3 R6e7 38. Rh6 Rg8 39. h4 Re4 40.
h5 Rg4 41. Rh3 Kg7 42. hxg6 Rxg6 43. Rh7+ Kf6 44. Rd7 Ke6 45. Rhh7 Re8 46. Ra7
Ke5 47. Kd3 Ree6 48. Raf7 Rg3 49. b4 f4 50. Rxf4 Kd6 51. Kd4 1/2-1/2

[Event "Makroregion KP-PO C17"]
[Site "Jastrzebia Gora"]
[Date "2013.??.??"]
[Round "6.4"]
[White "Maciejewski, Mikolaj"]
[Black "Zebracki, Tomasz"]
[Result "1-0"]
[WhiteElo "1744"]
[BlackElo "2029"]
[PlyCount "41"]
[EventDate "2013.??.??"]

1. e4 e6 2. d4 d5 3. exd5 exd5 4. Bd3 Bd6 5. Nf3 Nc6 6. O-O Bg4 7. c3 Qd7 8.
Nbd2 O-O-O 9. b4 h5 10. Qa4 Kb8 11. b5 Nce7 12. Rb1 Nh6 13. Ba3 f6 14. Bc5 Bxc5
15. dxc5 Qe8 16. Nd4 Bf5 17. Bxf5 Nhxf5 18. Nc6+ Nxc6 19. bxc6 b6 20. Rfe1 Ne7
21. Rxe7 1-0

[Event "Makroregion KP-PO C17"]
[Site "Jastrzebia Gora"]
[Date "2013.??.??"]
[Round "7.1"]
[White "Zebracki, Tomasz"]
[Black "Sliwicki, Damian"]
[Result "0-1"]
[WhiteElo "2029"]
[BlackElo "2126"]
[PlyCount "56"]
[EventDate "2013.??.??"]

1. e4 e5 2. Nf3 Nf6 3. Nc3 Nc6 4. Nxe5 Nxe5 5. d4 Ng6 6. e5 Ng8 7. Bc4 d5 8.
Bxd5 c6 9. Bb3 Bb4 10. O-O Bxc3 11. bxc3 N8e7 12. f4 h5 13. Ba3 Bf5 14. c4 h4
15. d5 Qb6+ 16. Rf2 Rd8 17. d6 Ng8 18. c3 Nh6 19. Bc2 Ng4 20. c5 Nxf2 21. Qd2
Qa6 22. Bxf5 Qxa3 23. d7+ Kf8 24. Qd6+ Kg8 25. Bxg6 fxg6 26. Qe7 Qa5 27. Kxf2
Rf8 28. e6 28... Rxf4+ {(...94)} 0-1

[Event "Makroregion KP-PO C17"]
[Site "Jastrzebia Gora"]
[Date "2013.??.??"]
[Round "7.2"]
[White "Kroczka, Gromoslaw"]
[Black "Maciejewski, Mikolaj"]
[Result "1/2-1/2"]
[WhiteElo "1767"]
[BlackElo "1744"]
[PlyCount "96"]
[EventDate "2013.??.??"]

1. e4 c5 2. Nf3 Nf6 3. e5 Nd5 4. c3 Nc6 5. d4 e6 6. Bc4 Nb6 7. Bb5 Be7 8. O-O
O-O 9. dxc5 Bxc5 10. Bg5 Be7 11. Bxe7 Nxe7 12. Nbd2 d6 13. exd6 Qxd6 14. Ne4
Qc7 15. Qc2 Bd7 16. Nfg5 Ng6 17. Bxd7 Qxd7 18. h4 h6 19. h5 hxg5 20. hxg6 Qe7
21. gxf7+ Rxf7 22. Rad1 Raf8 23. Qd2 Rf4 24. Qd6 Qxd6 25. Nxd6 Nc4 26. Nxc4
Rxc4 27. Rd7 Rf7 28. Rfd1 Rc7 29. R7d6 Rce7 30. Re1 Rf6 31. c4 Kf7 32. c5 Rf5
33. b4 Rf4 34. a3 Rc4 35. Red1 Rc3 36. R1d3 Rxd3 37. Rxd3 Rc7 38. f3 Kf6 39. g4
Ke5 40. Kf2 Rf7 41. Ke3 Rc7 42. Rd8 b6 43. cxb6 axb6 44. Kd3 Ra7 45. Kc4 Rxa3
46. Rf8 Re3 47. Kb5 Rb3 48. Rf7 g6 1/2-1/2

[Event "Makroregion KP-PO C17"]
[Site "Jastrzebia Gora"]
[Date "2013.??.??"]
[Round "7.3"]
[White "Klingenberg, Lukasz"]
[Black "Mikolajczak, Wojciech"]
[Result "0-1"]
[WhiteElo "1148"]
[BlackElo "1742"]
[PlyCount "56"]
[EventDate "2013.??.??"]

1. e4 c5 2. Nf3 Nc6 3. Bc4 g6 4. d4 cxd4 5. Nxd4 Bg7 6. Nxc6 bxc6 7. c3 Qb6 8.
Qb3 Qxb3 9. Bxb3 Ba6 10. Be3 Nf6 11. Nd2 O-O 12. f3 d6 13. Bc4 Bxc4 14. Nxc4 c5
15. O-O Nd7 16. f4 Nb6 17. Nxb6 axb6 18. a3 b5 19. Bd2 Ra4 20. Rfe1 Rfa8 21. e5
Bf8 22. Ra2 b4 23. cxb4 cxb4 24. Bxb4 Rxb4 25. g3 d5 26. Raa1 Rxb2 27. Red1 e6
28. Rd4 Bc5 0-1

[Event "Makroregion KP-PO C17"]
[Site "Jastrzebia Gora"]
[Date "2013.??.??"]
[Round "7.4"]
[White "Kowalski, Roman"]
[Black "Zwara, Szymon"]
[Result "1-0"]
[WhiteElo "1558"]
[BlackElo "1787"]
[PlyCount "49"]
[EventDate "2013.??.??"]

1. g3 e5 2. Bg2 d5 3. d4 e4 4. e3 Nf6 5. Ne2 h5 6. Nbc3 h4 7. gxh4 Rxh4 8. Ng3
Bg4 9. f3 exf3 10. Bxf3 Bd6 11. Nf1 c6 12. Qe2 Nbd7 13. Bd2 Qc7 14. O-O-O O-O-O
15. Bxg4 Nxg4 16. Be1 Rdh8 17. Bxh4 Rxh4 18. Rg1 Ngf6 19. Rxg7 Qa5 20. Kb1 Bb4
21. Qd3 Nb6 22. Qf5+ Kb8 23. Qxf6 Bxc3 24. Rg8+ Kc7 25. Qd8# 1-0